000
00189nam a2200073Ia 4500
008
170524s9999 xx 000 0 und d
100
_a
SHIMP-TERENCE A
245
0
_a
ADVERTISING AND PROMOTION
260
_b
NEW DELHI: CENGAGE
999
_c
8545
_d
8545